000 00645nam a2200229Ia 4500
005 20250122020922.0
008 240331s9999 xx 000 0 und d
020 _a0745609740
082 _bBON
_21099
_a305.4
245 0 _aImagining Women:
_bCultural Representations and Gender
260 _aCambridge
_bPolity Press in Association with Blackwell Publishers and The Open University
_c1992
300 _aviii, 361 p.,
650 _aWomen
650 _aGender
650 _aCulture
700 _aBonner, F
_eedt
700 _aGoodman, L
_eedt
700 _aAllen, R
_eedt
700 _aJanes, L
_eedt
700 _aKing, C
_eedt
942 _cL
999 _c1633
_d1633